书目信息 |
| 题名: |
意大利散记
|
|
| 作者: | 穆青 著 | |
| 分册: | ||
| 出版信息: | 上海 上海文艺出版社 1981 |
|
| 页数: | 82页 | |
| 开本: | 19cm | |
| 丛书名: | ||
| 单 册: | ||
| 中图分类: | K954.69 , I26 | |
| 科图分类: | ||
| 主题词: | 游记--意大利--现代 , 散文--中国 , 散文--作品综合集--中国 | |
| 电子资源: | ||
| ISBN: | ||
| 000 | 00640nam0 2200253 450 | |
| 001 | 1574258672 | |
| 005 | 20150125105427.03 | |
| 010 | @dCNY0.77 | |
| 091 | @a10078.3209 | |
| 100 | @a19960816d1981 em y0chiy0110 ea | |
| 101 | 0 | @achi |
| 102 | @aCN@b310000 | |
| 105 | @af z 000yy | |
| 200 | 1 | @a意大利散记@9yi da li san ji@f穆青著 |
| 210 | @a上海@c上海文艺出版社@d1981 | |
| 215 | @a82页@c照片@d19cm | |
| 606 | 0 | @a游记@y意大利@z现代 |
| 606 | 0 | @a散文@x中国 |
| 606 | 0 | @a散文@x作品综合集@x中国 |
| 690 | @aK954.69@v5 | |
| 690 | @aI26@v4 | |
| 701 | 0 | @a穆青@9mu qing@4著 |
| 801 | 0 | @aCN@bTSSF@c20150125 |
| 905 | @aZUCC@dI26@eJY40 | |
| 意大利散记/穆青著.-上海:上海文艺出版社,1981 |
| 82页:照片;19cm |
| ISBN :CNY0.77 |
| ● |
| 相关链接 |
|
|
|
|
正题名:意大利散记
索取号:I26/JY40
 
预约/预借
| 序号 | 登录号 | 条形码 | 馆藏地/架位号 | 状态 | 备注 |
| 1 | 7850554 | 278505547 | 学院路分馆/ [索取号:I26/JY40] | 在馆 | |
| 2 | 7854714 | 278547146 | 学院路分馆/ [索取号:I26/JY40] | 在馆 |